| 000 | 00745nas a2200253 i 4500 | ||
|---|---|---|---|
| 001 | 2642 | ||
| 003 | ES-MaACL | ||
| 005 | 20250709062526.0 | ||
| 007 | t| | ||
| 008 | 950801d1892 sp ar p | 1 |spa d | ||
| 022 | _a2481-3702 | ||
| 080 | _a(059)(460) | ||
| 245 | 0 | 0 |
_aAlmanaque para 1892 : _bútil, instructivo, ameno. |
| 246 | 3 | _aAlmanaque universal 1892 | |
| 260 |
_aBarcelona : _b[s.n.], _c[1892] |
||
| 300 |
_a1 v. : _bil. ; _c19 cm. |
||
| 310 | _aAnual | ||
| 530 | _aDisponible en formato digital. | ||
| 852 | 4 |
_aES-MaACL _jT-721-F-1 |
|
| 856 | 4 |
_uhttps://prensahistorica.mcu.es/es/consulta/registro.do?id=1029743 _zBiblioteca Virtual de Prensa Histórica |
|
| 866 | 0 | _o1892. | |
| 942 |
_2udc _cPERIODICA |
||
| 999 |
_c2642 _d2642 |
||